[Event "Muensterland Regionalliga 1920"]
[Site "Germany"]
[Date "2019.09.28"]
[Round "2.3"]
[White "Rosing, Hermann"]
[Black "Storck, Martin"]
[Result "1/2-1/2"]
[WhiteElo "1980"]
[BlackElo "1958"]
[PlyCount "50"]
[EventDate "2019.09.07"]
[EventType "team-tourn"]
[EventRounds "7"]
[EventCountry "GER"]
[SourceTitle "EXT 2023"]
[Source "ChessBase"]
[SourceDate "2022.10.05"]
[SourceVersion "1"]
[SourceVersionDate "2022.10.05"]
[SourceQuality "1"]
[WhiteTeam "Ahaus Wessum"]
[BlackTeam "Gronau"]
[WhiteTeamCountry "GER"]
[BlackTeamCountry "GER"]

1. f4 d5 2. Nf3 g6 3. e3 c5 4. Be2 Bg7 5. 0-0 Nf6 6. d4 Nc6 7. c3 Ne4 8. Nbd2 Nxd2 9. Bxd2 Qb6 10. b3 Bf5 11. Be1 0-0 12. Bf2 cxd4 13. exd4 Qc7 14. Qd2 Rac8 15. Rac1 Bh6 16. Be3 Rfd8 17. Nh4 Be4 18. f5 Bxe3+ 19. Qxe3 Kg7 20. Bg4 Rb8 21. Rf4 g5 22. Rxe4 dxe4 23. Qxg5+ Kh8 24. Bh5 Rg8 25. Qh6 Qd6 1/2-1/2

[Event "Muensterland Regionalliga 1718"]
[Site "Germany"]
[Date "2018.02.24"]
[Round "6.6"]
[White "Kornick, Ulrich"]
[Black "Storck, Martin"]
[Result "1/2-1/2"]
[WhiteElo "1947"]
[BlackElo "1935"]
[PlyCount "60"]
[EventDate "2017.09.02"]
[EventType "team-tourn"]
[EventRounds "9"]
[EventCountry "GER"]
[SourceTitle "EXT 2019"]
[Source "ChessBase"]
[SourceDate "2018.10.10"]
[SourceVersion "1"]
[SourceVersionDate "2018.10.10"]
[SourceQuality "1"]
[WhiteTeam "Rheine Klein Berlin"]
[BlackTeam "Gronau"]
[WhiteTeamCountry "GER"]
[BlackTeamCountry "GER"]

1. d4 d5 2. Nf3 Nf6 3. Bf4 c6 4. h3 Bf5 5. e3 e6 6. Bd3 Ne4 7. 0-0 Bd6 8. Bxd6 Nxd6 9. Bxf5 exf5 10. Qd3 Na6 11. Nbd2 Nc7 12. c4 0-0 13. Rfc1 Re8 14. b4 Ne4 15. a4 Ne6 16. b5 Rc8 17. bxc6 bxc6 18. Rcb1 dxc4 19. Qxc4 Nxd2 20. Nxd2 f4 21. Rb7 fxe3 22. fxe3 Qg5 23. Ra3 Qg3 24. Nf3 a5 25. Rab3 h6 26. R7b6 Ng5 27. Nxg5 hxg5 28. Rb7 Rf8 29. Re7 g4 30. hxg4 Qe1+ 1/2-1/2

[Event "Muensterland Verbandsliga 1415"]
[Site "Germany"]
[Date "2014.11.08"]
[Round "3.2"]
[White "Hartmann, Steffen"]
[Black "Storck, Martin"]
[Result "0-1"]
[WhiteElo "1911"]
[BlackElo "1977"]
[PlyCount "152"]
[EventDate "2014.09.06"]
[EventType "team-tourn"]
[EventRounds "9"]
[EventCountry "GER"]
[SourceTitle "EXT 2016"]
[Source "ChessBase"]
[SourceDate "2015.10.08"]
[SourceVersion "1"]
[SourceVersionDate "2015.10.08"]
[SourceQuality "1"]
[WhiteTeam "Muenster V"]
[BlackTeam "Gronau"]
[WhiteTeamCountry "GER"]
[BlackTeamCountry "GER"]

1. e4 d5 2. exd5 Qxd5 3. Nc3 Qa5 4. d4 c6 5. Bc4 Nf6 6. Nge2 Bg4 7. f3 Bf5 8. Bd2 Qd8 9. h4 h5 10. Bf4 e6 11. Qd2 Nbd7 12. 0-0-0 Bb4 13. a3 Ba5 14. Qe3 Qe7 15. Ng3 Bg6 16. Nce4 Nxe4 17. Nxe4 Bxe4 18. Qxe4 0-0-0 19. d5 Nf6 20. Qe5 Bc7 21. d6 Rxd6 22. Rxd6 Ne8 23. Rxc6 bxc6 24. Ba6+ Kb8 25. Qe3 Bxf4 26. Qxf4+ Qc7 27. Qb4+ Qb6 28. Rd1 Qxb4 29. axb4 Kc7 30. Rd4 Nd6 31. Be2 Nf5 32. Rf4 f6 33. Re4 e5 34. b5 Ng3 35. Re3 Nxe2+ 36. Rxe2 cxb5 37. f4 Re8 38. Re3 Kc6 39. Rc3+ Kd6 40. Rd3+ Ke6 41. Rg3 Re7 42. fxe5 Kxe5 43. Re3+ Kd6 44. Rd3+ Ke6 45. Rb3 a6 46. Ra3 Ra7 47. Rf3 Rd7 48. c3 Rd5 49. Kc2 Rf5 50. Rg3 Kf7 51. Kd3 Rf4 52. Rh3 Rf2 53. b3 Rxg2 54. c4 bxc4+ 55. bxc4 Rg4 56. Kc3 a5 57. c5 Ke6 58. Rd3 Ra4 59. Kb3 Rb4+ 60. Kc3 Rb1 61. Kc4 Rb4+ 62. Kc3 g5 63. hxg5 fxg5 64. Rd6+ Ke5 65. Rg6 Kf5 66. c6 Rb1 67. Kc2 Rb5 68. Rh6 a4 69. Rxh5 Rc5+ 70. Kd2 Rxc6 71. Ke3 a3 72. Rh1 Rc3+ 73. Kf2 Kf4 74. Kg2 Rc2+ 75. Kh3 g4+ 76. Kh4 g3 0-1

[Event "Muensterland Verbandsliga 1213"]
[Site "Germany"]
[Date "2013.04.13"]
[Round "8.2"]
[White "Storck, Martin"]
[Black "Funke, Reinhard"]
[Result "1/2-1/2"]
[WhiteElo "2050"]
[BlackElo "2076"]
[PlyCount "43"]
[EventDate "2012.09.22"]
[EventType "team-tourn"]
[EventRounds "9"]
[EventCountry "GER"]
[SourceTitle "EXT 2015"]
[Source "ChessBase"]
[SourceDate "2014.11.20"]
[SourceVersion "1"]
[SourceVersionDate "2014.11.20"]
[SourceQuality "1"]
[WhiteTeam "Gronau"]
[BlackTeam "Suedlohn"]
[WhiteTeamCountry "GER"]
[BlackTeamCountry "GER"]

1. c4 Nf6 2. Nc3 e5 3. Nf3 Nc6 4. d4 exd4 5. Nxd4 Bc5 6. e3 0-0 7. Be2 Re8 8. 0-0 Ne5 9. a3 a5 10. Rb1 Qe7 11. Nd5 Nxd5 12. cxd5 c6 13. Nf3 Ng6 14. Re1 d6 15. b4 axb4 16. axb4 Bb6 17. dxc6 bxc6 18. Qc2 Bd7 19. Bd3 c5 20. bxc5 Bxc5 21. Rb7 Rab8 22. Qb3 1/2-1/2

[Event "Muensterland Verbandsklasse-A 1112"]
[Site "Germany"]
[Date "2012.05.12"]
[Round "9.2"]
[White "Storck, Martin"]
[Black "Weskamp, Matthias"]
[Result "1-0"]
[WhiteElo "2059"]
[BlackElo "1726"]
[PlyCount "63"]
[EventDate "2011.09.17"]
[EventType "team-tourn"]
[EventRounds "9"]
[EventCountry "GER"]
[SourceTitle "EXT 2013"]
[Source "ChessBase"]
[SourceDate "2012.11.22"]
[SourceVersion "1"]
[SourceVersionDate "2012.11.22"]
[SourceQuality "1"]
[WhiteTeam "Gronau"]
[BlackTeam "Ostbevern Westbevern II"]
[WhiteTeamCountry "GER"]
[BlackTeamCountry "GER"]

1. c4 e6 2. Nc3 d5 3. d4 Nf6 4. Nf3 c6 5. Bg5 Nbd7 6. e3 Qa5 7. Bxf6 Nxf6 8. a3 Ne4 9. Qa4 Qb6 10. Qc2 Nxc3 11. bxc3 dxc4 12. Bxc4 Qa5 13. 0-0 Be7 14. Bd3 h6 15. Ne5 0-0 16. f4 c5 17. Be4 Qc7 18. Qe2 f5 19. Bd3 Bf6 20. Ng6 Rf7 21. Rac1 b6 22. Bc4 Kh7 23. Qh5 a6 24. g4 b5 25. Bd3 c4 26. Bb1 Kg8 27. g5 Be7 28. Kf2 Bxa3 29. Rg1 Bxc1 30. gxh6 gxh6 31. Qxh6 Bxe3+ 32. Kxe3 1-0

[Event "Muensterland Verbandsklasse-A 0910"]
[Site "Germany"]
[Date "2009.09.19"]
[Round "1.2"]
[White "Storck, Martin"]
[Black "Koke, Christoph"]
[Result "1-0"]
[WhiteElo "2009"]
[BlackElo "2008"]
[PlyCount "105"]
[EventDate "2009.09.19"]
[EventType "team-tourn"]
[EventRounds "9"]
[EventCountry "GER"]
[SourceTitle "EXT 2011"]
[Source "ChessBase"]
[SourceDate "2010.11.26"]
[SourceVersion "1"]
[SourceVersionDate "2010.11.26"]
[SourceQuality "1"]
[WhiteTeam "Gronau"]
[BlackTeam "Olfen"]
[WhiteTeamCountry "GER"]
[BlackTeamCountry "GER"]

1. c4 e5 2. Nc3 d6 3. g3 g6 4. Bg2 Bg7 5. Nf3 Ne7 6. d4 exd4 7. Nxd4 Nbc6 8. e3 0-0 9. 0-0 Re8 10. Nxc6 Nxc6 11. Bd2 Rb8 12. Rc1 Be6 13. b3 Qd7 14. Nd5 Ne7 15. Bc3 Bxd5 16. cxd5 Bxc3 17. Rxc3 c5 18. dxc6 bxc6 19. e4 Red8 20. Re1 Rb7 21. h4 Rb5 22. Rd3 Qc7 23. e5 d5 24. e6 f5 25. h5 Re8 26. Rc3 Qd6 27. Qd4 Qb4 28. Qd3 Rc5 29. Rcc1 Rxc1 30. Rxc1 Qd6 31. h6 Qxe6 32. Qd4 Qf7 33. Qxa7 f4 34. Qd4 fxg3 35. fxg3 Nf5 36. Qf4 Qa7+ 37. Kh1 Qxa2 38. Rxc6 Qxb3 39. Kh2 d4 40. Rc5 Qb8 41. Rxf5 Qxf4 42. Rxf4 Re5 43. g4 d3 44. Rd4 Kf7 45. Kg3 Kg8 46. Kf4 Re8 47. Rxd3 Kh8 48. Be4 Kg8 49. Rd7 Kh8 50. Bd3 Kg8 51. Kg5 Re5+ 52. Kf6 Re8 53. Rxh7 1-0

[Event "Muensterland Verbandsklasse-B 0809"]
[Site "Germany"]
[Date "2009.05.02"]
[Round "9.2"]
[White "Overesch, Andre"]
[Black "Storck, Martin"]
[Result "0-1"]
[WhiteElo "1905"]
[BlackElo "2010"]
[PlyCount "68"]
[EventDate "2008.09.13"]
[EventType "team-tourn"]
[EventRounds "9"]
[EventCountry "GER"]
[SourceTitle "EXT 2010"]
[Source "ChessBase"]
[SourceDate "2010.11.25"]
[SourceVersion "1"]
[SourceVersionDate "2010.11.25"]
[SourceQuality "1"]
[WhiteTeam "Nordwalde"]
[BlackTeam "Gronau"]
[WhiteTeamCountry "GER"]
[BlackTeamCountry "GER"]

1. d4 d5 2. Nf3 Nf6 3. c4 c6 4. Qc2 g6 5. g3 Bf5 6. Qb3 Qb6 7. Bg2 Nbd7 8. c5 Qxb3 9. axb3 Bg7 10. 0-0 e5 11. dxe5 Ne4 12. b4 Nxe5 13. Nbd2 Nxf3+ 14. Nxf3 0-0 15. e3 a5 16. Rxa5 Rxa5 17. bxa5 Nxc5 18. Nd4 Bxd4 19. exd4 Nb3 20. Re1 Ra8 21. Bh6 Be6 22. f4 Nxd4 23. b4 Nf5 24. Bg5 Kg7 25. g4 Nd4 26. h3 Nc2 27. Rb1 Re8 28. Rb2 Na3 29. Bh4 Nc4 30. Re2 d4 31. Bf2 d3 32. Bd4+ f6 33. Re1 d2 34. Rd1 Bxg4 0-1

[Event "Muensterland Verbandsklasse-B 0809"]
[Site "Germany"]
[Date "2009.02.07"]
[Round "6.2"]
[White "Storck, Martin"]
[Black "Teykh, Dimitrij"]
[Result "0-1"]
[WhiteElo "2010"]
[BlackElo "2017"]
[PlyCount "100"]
[EventDate "2008.09.13"]
[EventType "team-tourn"]
[EventRounds "9"]
[EventCountry "GER"]
[SourceTitle "EXT 2010"]
[Source "ChessBase"]
[SourceDate "2010.11.25"]
[SourceVersion "1"]
[SourceVersionDate "2010.11.25"]
[SourceQuality "1"]
[WhiteTeam "Gronau"]
[BlackTeam "Ochtrup"]
[WhiteTeamCountry "GER"]
[BlackTeamCountry "GER"]

1. c4 Nf6 2. Nc3 g6 3. d4 Bg7 4. e4 d6 5. f4 c5 6. d5 0-0 7. Nf3 e6 8. Be2 exd5 9. exd5 Re8 10. 0-0 Ng4 11. h3 Nh6 12. Bd3 Nf5 13. Re1 Rxe1+ 14. Qxe1 Na6 15. a3 Nd4 16. Nxd4 cxd4 17. Ne4 f5 18. Nf2 Nc5 19. b4 Nxd3 20. Nxd3 Bd7 21. Bb2 Qf6 22. Qf2 Re8 23. a4 Re4 24. c5 Qe7 25. Re1 Re3 26. Rxe3 dxe3 27. Qe2 Bxb2 28. Nxb2 dxc5 29. bxc5 Qxc5 30. Nc4 Qxd5 31. Nxe3 Qe4 32. Qd2 Bc6 33. a5 Qxf4 34. Qd8+ Kf7 35. Qd2 Qe4 36. Qa2+ Ke7 37. Qd2 f4 38. Ng4 h5 39. Nh2 Qe3+ 40. Qf2 b6 41. axb6 axb6 42. Nf1 Qxf2+ 43. Kxf2 b5 44. Nd2 Bd5 45. g3 fxg3+ 46. Kxg3 b4 47. Kf4 Kf6 48. h4 b3 49. Nb1 b2 50. Nc3 Ba2 0-1

[Event "Muensterland Verbandsklasse-A 0708"]
[Site "Germany"]
[Date "2008.03.08"]
[Round "7.1"]
[White "Storck, Martin"]
[Black "Jacob, Helmut"]
[Result "1-0"]
[WhiteElo "1999"]
[BlackElo "2070"]
[PlyCount "151"]
[EventDate "2007.09.22"]
[EventType "team"]
[EventRounds "9"]
[EventCountry "GER"]
[SourceTitle "EXT 2009"]
[Source "ChessBase"]
[SourceDate "2008.11.26"]
[SourceVersion "1"]
[SourceVersionDate "2008.11.26"]
[SourceQuality "1"]
[WhiteTeam "Gronau"]
[BlackTeam "Ochtrup"]
[WhiteTeamCountry "GER"]
[BlackTeamCountry "GER"]

1. c4 Nf6 2. Nc3 g6 3. d4 d5 4. Nf3 Bg7 5. cxd5 Nxd5 6. e4 Nxc3 7. bxc3 c5 8. Bb5+ Bd7 9. Bxd7+ Qxd7 10. 0-0 cxd4 11. cxd4 0-0 12. Rb1 Nc6 13. Bb2 Rfd8 14. d5 Bxb2 15. Rxb2 Na5 16. Qd4 b6 17. Ne5 Nc6 18. Nxd7 Nxd4 19. Ne5 f6 20. Ng4 f5 21. Rd1 Rac8 22. h3 fxg4 23. Rxd4 gxh3 24. gxh3 Rc3 25. Ra4 Rd7 26. Kg2 Kf7 27. Rd2 Kf6 28. f3 g5 29. h4 h6 30. hxg5+ hxg5 31. Kg3 Ke5 32. Rh2 e6 33. Rh5 Rg7 34. dxe6 Kxe6 35. Kg4 Rc2 36. Rh6+ Ke5 37. Ra3 Rg2+ 38. Kh3 Rg1 39. Kh2 Re1 40. Kg3 Rd1 41. Rb3 Rg1+ 42. Kf2 Rc1 43. Rd3 Rc5 44. Ke3 b5 45. Rhd6 b4 46. R3d5+ Rxd5 47. Rxd5+ Kf6 48. Rb5 Rc7 49. Rxb4 Rc3+ 50. Kd4 Ra3 51. Rb5 Rxa2 52. Rf5+ Kg6 53. Kc3 Ra6 54. f4 gxf4 55. Rxf4 Rf6 56. Rg4+ Kf7 57. Kd4 Rd6+ 58. Ke5 Ra6 59. Rh4 Ra5+ 60. Kd6 Ra6+ 61. Kd7 Ra4 62. Rf4+ Kg6 63. Ke6 Ra6+ 64. Ke7 Kg5 65. Rf5+ Kg6 66. Rd5 Rb6 67. e5 Rb1 68. e6 Re1 69. Ra5 Rb1 70. Rxa7 Rh1 71. Ra6 Rb1 72. Rd6 Kg7 73. Ke8 Re1 74. e7 Re2 75. Rd3 Re1 76. Rf3 1-0

[Event "Muensterland Verbandsklasse-A 0708"]
[Site "Germany"]
[Date "2007.12.15"]
[Round "4.1"]
[White "Rebber, Christian"]
[Black "Storck, Martin"]
[Result "1/2-1/2"]
[WhiteElo "1954"]
[BlackElo "1999"]
[PlyCount "73"]
[EventDate "2007.09.22"]
[EventType "team"]
[EventRounds "9"]
[EventCountry "GER"]
[SourceTitle "EXT 2009"]
[Source "ChessBase"]
[SourceDate "2008.11.26"]
[SourceVersion "1"]
[SourceVersionDate "2008.11.26"]
[SourceQuality "1"]
[WhiteTeam "Ahaus Wessum"]
[BlackTeam "Gronau"]
[WhiteTeamCountry "GER"]
[BlackTeamCountry "GER"]

1. e4 e5 2. Nf3 Nf6 3. Nxe5 d6 4. Nf3 Nxe4 5. d4 d5 6. Bd3 Be7 7. 0-0 0-0 8. c4 c6 9. Nc3 Nxc3 10. bxc3 Bg4 11. Rb1 dxc4 12. Bxc4 b5 13. Be2 Qd5 14. Ra1 Nd7 15. a4 a6 16. Re1 Bf6 17. Ba3 Rfe8 18. Bb2 Nb6 19. axb5 axb5 20. Rxa8 Rxa8 21. Ne5 Bxe2 22. Qxe2 Bxe5 23. dxe5 Nc4 24. h3 h6 25. Bc1 Ra1 26. Bf4 Rxe1+ 27. Qxe1 Nb2 28. Kh2 Nd3 29. Qe3 Qc4 30. Bg3 c5 31. f4 g6 32. f5 gxf5 33. Qxh6 f4 34. Bh4 f3 35. Qg5+ Kh7 36. Qf5+ Kg8 37. Qg5+ 1/2-1/2